|
|
|
|
| LEADER |
01762nam a2200313 a 4500 |
| 001 |
630990 |
| 008 |
091021s1992 bg b i100 0 eng d |
| 010 |
|
|
|a \\\92907398
|
| 040 |
|
|
|a DLC
|c DLC
|d DLC
|
| 082 |
0 |
0 |
|a 333.3/159
|2 20
|
| 111 |
2 |
|
|a Policy Seminar on Access to Land
|d (1988 :
|c Denpasar, Indonesia)
|
| 245 |
1 |
0 |
|a Poverty alleviation through access to land :
|b highlights of discussion and summaries of technical papers circulated in the Policy Seminar on Access to Land, Denpasar, Bali, Indonesia, 22-28 October 1988 /
|c edited by Salehuddin Ahmed and Shafiqur Rahman.
|
| 260 |
|
|
|a Dhaka, Bangladesh :
|b Centre on Integrated Rural Development for Asia and Pacific ;
|a Washington, D.C. :
|b Economic Development Institute of the World Bank,
|c 1992.
|
| 300 |
|
|
|a ix, 287 p. ;
|c 23 cm.
|
| 490 |
0 |
|
|a CIRDAP study series ;
|v no. 137
|
| 520 |
|
|
|a With reference to South and Southeast Asian countries.
|
| 504 |
|
|
|a Includes bibliographical references.
|
| 541 |
1 |
|
|e 00006097
|
| 650 |
|
0 |
|a Land tenure
|z Southeast Asia.
|
| 650 |
|
0 |
|a Land use, Rural
|z Southeast Asia.
|
| 651 |
|
0 |
|a Southeast Asia
|x Rural conditions.
|
| 700 |
1 |
|
|a Ahmed, Salehuddin,
|d 1949-
|
| 700 |
1 |
|
|a Rahman, Shafiqur.
|
| 710 |
2 |
|
|a Center on Integrated Rural Development for Asia and the Pacific.
|
| 710 |
2 |
|
|a Economic Development Institute (Washington, D.C.)
|
| 852 |
4 |
|
|a Ayesha Abed Library
|j General shelf
|
| 999 |
|
|
|c 4761
|d 4761
|
| 952 |
|
|
|0 0
|1 0
|2 ddc
|4 0
|6 333_315900000000000_POV_1992
|7 0
|9 4569
|a BRACUL
|b BRACUL
|c GEN
|d 2009-10-22
|g 752.00
|l 1
|o 333.3159 POV
|p 3010006097
|r 2014-03-23
|s 2014-02-16
|t 1
|v 1504.00
|w 2009-10-22
|y BK
|
| 952 |
|
|
|0 0
|1 0
|2 ddc
|4 0
|6 333_315900000000000_POV_1992
|7 0
|9 22194
|a IGS
|b IGS
|c GEN
|d 2013-04-18
|e 800 Tk.
|l 1
|m 2
|o 333.3159 POV
|p 3010026791
|r 2014-06-10
|s 2013-05-07
|t 2
|w 2013-04-18
|y BK
|